[Event "CAN-ch U20"]
[Site "Toronto"]
[Date "2008.05.12"]
[Round "7"]
[White "Makaremi, Sina"]
[Black "Orlova, Yelizaveta"]
[Result "0-1"]
[WhiteElo "1869"]
[BlackElo "1909"]
[PlyCount "54"]
[EventDate "2008.05.09"]
[EventType "swiss"]
[EventRounds "9"]
[EventCountry "CAN"]
[SourceTitle "EXT 2011"]
[Source "ChessBase"]
[SourceDate "2010.11.26"]
[SourceVersion "1"]
[SourceVersionDate "2010.11.26"]
[SourceQuality "1"]

1. d4 c5 2. d5 e5 3. c4 d6 4. Nc3 Be7 5. g3 Bg5 6. Bh3 Bxc1 7. Qxc1 Bxh3 8. Nxh3 Nh6 9. e4 0-0 10. 0-0 f6 11. Qd2 a6 12. Qe2 Nd7 13. f3 Qe7 14. a3 Kh8 15. Nf2 f5 16. Rfb1 Rf7 17. b4 Raf8 18. Ra2 fxe4 19. Ncxe4 Nf5 20. Qd3 Nd4 21. f4 exf4 22. bxc5 fxg3 23. Qxd4 gxf2+ 24. Rxf2 dxc5 25. Rxf7 Qxf7 26. Nxc5 Qg6+ 27. Kh1 Qxb1+ 0-1